000
00286nam a2200133Ia 4500
100
_a
Jowett C.E.
942
_c
BK
654
_a
Electronics
245
_a
Materials & Process in Electronics
260
_b
Hutchinson
_a
London
_c
1982
300
_a
1074
546
_a
ENGLISH
999
_c
19915
_d
19915